| 000 | 00598nam a2200217Ia 4500 | ||
|---|---|---|---|
| 003 | OSt | ||
| 005 | 20220609143450.0 | ||
| 008 | 210423s2011 xx 000 0 und d | ||
| 020 | _a9788126530366 | ||
| 040 | _cAL | ||
| 041 | _aeng | ||
| 082 | _a547.2 WUTP | ||
| 100 |
_aWUTS (Peter G M);GREENE (Theodora W). _941508 |
||
| 245 | _aGreenes protective groups in organic synthesis. | ||
| 250 | _a4 | ||
| 260 |
_aNew Delhi _bWiley India Pvt Ltd _c2011 |
||
| 300 |
_axxviii,1082 _bHB |
||
| 365 |
_b2195 _cINR |
||
| 906 | _aGreenes ; groups ; organic ; protective ; synthesis. | ||
| 942 |
_2ddc _cBK |
||
| 999 |
_c154574 _d154574 |
||